Άπαντα : ποιήματα

Αποθηκεύτηκε σε:
Λεπτομέρειες βιβλιογραφικής εγγραφής
Κύριος συγγραφέας: Βερίτης, Γ., 1915-1948
Άλλοι συγγραφείς: Αρβανίτης, Νίκος Θ., 1928- (Επιμελητής έκδοσης)
Μορφή: Βιβλίο
Γλώσσα:Greek
Δημοσίευση: Αθήναι : Η Δαμασκός, 1975.
Έκδοση:4η έκδ.
Θέματα:
Ετικέτες: Προσθήκη ετικέτας
Δεν υπάρχουν, Καταχωρήστε ετικέτα πρώτοι!

MARC

LEADER 00000cam a2200000 a 4500
001 1/123694
008 211012s1975####gr | ||| |||| ||gre||
040 |a GR-MyUa  |b gre  |c GR-MyUa  |e AACR2 
041 0 |a gre 
082 7 |a 889.01   |2 (23) 
100 1 |a Βερίτης, Γ.,   |d 1915-1948. 
245 1 0 |a Άπαντα :   |b ποιήματα /   |c Γ. Βερίτη ; επιμέλεια: Ν. Αρβανίτη.  
250 |a 4η έκδ.  
260 |a Αθήναι :   |b Η Δαμασκός,   |c 1975.  
300 |a 333 σ. ;   |c 24 εκ.  
650 0 |a Greek poetry, Modern  |y 20th century. 
650 0 |a Greek literature, Modern  |y 20th century. 
700 1 |a Αρβανίτης, Νίκος Θ.,   |d 1928-  |e edt 
852 |a INST  |b RHODES  |c AKA  |e 20211012  |h 889.01 ΒΕΡ  |p 005400042318  |q 005400042318  |t BK  |y 0 
970 |z 12-10-2021